书目信息 |
| 题名: |
美国的早期保育与教育
|
|
| 作者: | 林秀锦 著 | |
| 分册: | ||
| 出版信息: | 南京 江苏教育出版社 2006 |
|
| 页数: | 303页 | |
| 开本: | 24cm | |
| 丛书名: | 学前教育新视野丛书 | |
| 单 册: | ||
| 中图分类: | G619.712 | |
| 科图分类: | ||
| 主题词: | 儿童教育--早期教育--概况--美国 , 儿童教育 , 早期教育 | |
| 电子资源: | ||
| ISBN: | 7-5343-7816-8 | |
| 000 | 00980oam2 2200265 450 | |
| 001 | 1262268752 | |
| 005 | 20121005171837.03 | |
| 010 | @a7-5343-7816-8@dCNY28.00 | |
| 100 | @a20061030d2006 em y0chiy50 ea | |
| 101 | 0 | @achi |
| 102 | @aCN@b320000 | |
| 105 | @ay z 000yy | |
| 200 | 1 | @a美国的早期保育与教育@Amei guo de zao qi bao yu yu jiao yu@f(美)林秀锦著 |
| 210 | @a南京@c江苏教育出版社@d2006 | |
| 215 | @a303页@d24cm | |
| 225 | 2 | @a学前教育新视野丛书 |
| 330 | @a本书包括十个课题,分别为:美国早期保育与教育的发展;各种类型的早期保育与教育项目;提前开始学前班;早期保育与教育之实践;专业培训与专业发展;早期保教园所的规范与认证;近代的趋势与焦点;家长参与、亲职教育与家庭支援;幼儿期研究和专业资源。 | |
| 461 | 0 | @12001 @a学前教育新视野丛书 |
| 606 | 0 | @a儿童教育@x早期教育@x概况@y美国 |
| 606 | 0 | @a儿童教育 |
| 606 | 0 | @a早期教育 |
| 690 | @aG619.712@v4 | |
| 701 | 0 | @c(美)@a林秀锦@Alin xiu jin@4著 |
| 801 | 0 | @aCN@bNLC@c20101222 |
| 905 | @a10447@dG619.712@eJY9 | |
| 美国的早期保育与教育/(美)林秀锦著.-南京:江苏教育出版社,2006 |
| 303页;24cm.-(学前教育新视野丛书) |
| ISBN 7-5343-7816-8:CNY28.00 |
| 本书包括十个课题,分别为:美国早期保育与教育的发展;各种类型的早期保育与教育项目;提前开始学前班;早期保育与教育之实践;专业培训与专业发展;早期保教园所的规范与认证;近代的趋势与焦点;家长参与、亲职教育与家庭支援;幼儿期研究和专业资源。 |
| ● |
| 相关链接 |
|
|
|
|
正题名:美国的早期保育与教育
索取号:G619.712/JY9
 
预约/预借
| 序号 | 登录号 | 条形码 | 馆藏地/架位号 | 状态 | 备注 |
| 1 | 7807077 | 278070775 | 学院路分馆/ [索取号:G619.712/JY9] | 在馆 | |
| 2 | 7807078 | 278070784 | 学院路分馆/ [索取号:G619.712/JY9] | 在馆 |